Εκπομπές διοξινών και φουρανίων παγκοσμίως και στην Ελλάδα ειδικότερα : πτυχιακή εργασία

Αποθηκεύτηκε σε:
Λεπτομέρειες βιβλιογραφικής εγγραφής
Κύριος συγγραφέας: Βαϊράμη, Σταυρούλα
Συγγραφή απο Οργανισμό/Αρχή: Πανεπιστήμιο Αιγαίου. Σχολή Περιβάλλοντος. Τμήμα Περιβάλλοντος
Άλλοι συγγραφείς: Αγγελίδης, Μιχάλης (Εισηγητής διατριβής)
Μορφή: Thesis Βιβλίο
Γλώσσα:Greek
Δημοσίευση: Μυτιλήνη : Πανεπιστήμιο Αιγαίου, Τμήμα Περιβάλλοντος, 2003
Θέματα:
Διαθέσιμο Online:http://hdl.handle.net/11610/10309
Ετικέτες: Προσθήκη ετικέτας
Δεν υπάρχουν, Καταχωρήστε ετικέτα πρώτοι!

MARC

LEADER 00000cam a2200000 i 4500
001 1/80744
008 050712s2003 gre d
035 |l 10079100 
040 |a GR-MY-UA  |b gre  |e aacr 
041 0 |a gre 
082 0 |a 615.9512  |2 (22) 
100 1 |a Βαϊράμη, Σταυρούλα. 
245 1 0 |a Εκπομπές διοξινών και φουρανίων παγκοσμίως και στην Ελλάδα ειδικότερα :  |b πτυχιακή εργασία /  |c Βαϊράμη Χρυσούλα ; υπεύθυνος καθηγητής Αγγελίδης Μιχάλης 
260 |a Μυτιλήνη :   |b Πανεπιστήμιο Αιγαίου, Τμήμα Περιβάλλοντος,   |c 2003 
300 |a 146 σ.;  |b πιν.;  |c 30 εκ. 
502 |a Πτυχιακή εργασία – Πανεπιστήμιο Αιγαίου, Λέσβος, 2003. 
504 |a Βιβλιογραφία: 145-146 
650 0 0 |a Air  |x Pollution. 
650 0 0 |a Dioxins. 
650 0 0 |a Furans. 
650 0 0 |a Dissertations, Academic  |z Greece. 
700 1 |a Αγγελίδης, Μιχάλης.  |4 ths 
710 2 |a Πανεπιστήμιο Αιγαίου.   |b Σχολή Περιβάλλοντος.   |b Τμήμα Περιβάλλοντος. 
852 |a INST  |b LESVOS  |c DIATR  |e 20050727  |h 775  |p 005100031637  |q 005100031637  |t DIE  |y 23 
852 |a INST  |b LESVOS  |c DIATR  |e 20050712  |h 776  |p 005100031638  |q 005100031638  |t DIE  |y 23 
856 |u http://hdl.handle.net/11610/10309 
901 |a BIBL1-2005-2 
909 |a Λ  |b 120795 
909 |a Λ  |b 120815 
924 |a ΒΑΙΡΑΜΗ  |b ΧΡΥΣΟΥΛΑ  |y ΛΕΣΒΟΣ  |z 2003-07 
970 |a ΜΑΡΙΝΑΤΟΥ  |b ΜΥΡΣΙΝΗ  |z 2005/07/12